000 00661nam a2200241Ia 4500
003 OSt
005 20221007071131.0
006 a|||||r|||| 00| 0
007 ta
008 221006b |||||||| |||| 00| 0 eng d
024 _a26,805
037 _cTextual
040 _aFLL
_cFLL
_beng
041 _2eng
_aeng
082 _aZ1y7, K0.5-A
100 _aHambro Edvard
245 0 _aCase law of the international court
260 _aLeyden
_bA.W. Sijthoff Leyden
_c1968
300 _a1-659p
_ccm.
700 _a Rovine Arthur W.
_9152532
942 _hZ1y7, K0.5-A
_cTEXL
_2CC
999 _c1142535
_d1142535